000 00622nam a2200229 u 4500
005 20230310063616.0
008 100623s2009 mx r 000 0 spa d
020 _a970666565X
035 _aUPN01000176886
049 _aCG
050 4 _aPR6029 R8
_bM5b 2009
100 1 _aOrwell, George,
_d1903-1950
245 1 0 _a1984 /
_cGeorge Orwell ; tr. J. A. Silva Villar.
250 _a4a ed.
260 _aMéxico :
_bTomo,
_c2009.
300 _a255 p.
440 0 _aClásicos literatura
534 _pTraducción de:
_t1984
650 4 _aNovela inglesa
_94471
650 4 _aTotalitarismo
_vNovela
_9448
905 _aLibro
999 _c148989
_d148989